000 00270nam a2200097Ia 4500
001 640812
005 20250826153454.0
008 250824s9999 xx 000 0 und d
245 0 _aŞİRİN ÖDÜLLER MESLEKLER VE NELER NELER
_cBİRSEN EKİM ÖZEN
260 _bGENÇ TİMAŞ
999 _c640812
_d640812